LOTR: Gimli - Statistics

General Stats
  • This quiz has been taken 65 times
  • The average score is 12 of 15
Answer Stats
Answer % Correct
his father Glóin
100%
His best and most unlikely friend Legolas
100%
Gimli was sent to Rivendell with his father to seek the counsel of Elrond regarding a messenger of Sauron asking information about a hobbit. Which hobbit? Bilbo Baggins
98%
Gimli's weapon of choice Broad-bladed axe
98%
Gimli had a friendly dispute with Éomer about who was the fairest woman in the world. Who was Gimli's choice? Galadriel
98%
The gift Galadriel presented specifically to Giimli when the Fellowship departed from Lothlorien Three strands of her hair
96%
Before the War of the Ring he lived in ... Erebor
87%
Where was Gimli allowed to go at the end of his life, as the first and only Dwarf to do so? Valinor
81%
Which lady did Éomer consider the fairest. Arwen
80%
At the end of the battle of the Hornburg, how many enemies had Gimli killed (in the books)? 42
78%
He rebuilt the gates of Minas Tirith with steel and ... mithril
67%
Where was Gimli born? Thorin's hall, the Blue Mountains
63%
After the war Gimli brought a contingent of dwarves to this place in Rohan. Aglarond
61%
The actor who played Gimli in Peter Jackson's trilogy John Rhys-Davies
54%
What did the elves of Lothlorien demand of Gimli, before they would let him enter the Golden Wood. He had to be blindfolded
52%
No matching quizzes found
Score Distribution
Percent of People with Each Score
Percentile by Number Answered
Your Score History
You have not taken this quiz